| 000 | 01332cam a2200361 i 4500 | ||
|---|---|---|---|
| 999 |
_c200443942 _d62154 |
||
| 001 | 200443942 | ||
| 003 | TR-AnTOB | ||
| 005 | 20220721135502.0 | ||
| 007 | ta | ||
| 008 | 081126s1980 tu 000 0 tur d | ||
| 035 | _a(TR-AnTOB)200443942 | ||
| 040 |
_aT9K _beng _erda _cT9K _dTR-AnTOB |
||
| 041 | 0 | _atur | |
| 050 | 4 |
_aHF5414 _b.K37 1980 |
|
| 090 |
_aHF5414 _b.K37 1980 |
||
| 100 | 1 |
_aKarabulut, Muhittin _eauthor _942400 |
|
| 245 | 1 | 0 |
_aÖrnek olaylarla veteriner ilaçları ve hayvancılığa sosyal pazarlama yaklaşımı / _cMuhittin Karabulut. |
| 246 | 2 | 0 | _aSosyal pazarlama. |
| 264 | 1 |
_aİstanbul : _bİstanbul Üniversitesi İşletme Fakültesi, _c1980. |
|
| 300 |
_a86 pages ; _c24 cm |
||
| 336 |
_atext _btxt _2rdacontent |
||
| 337 |
_aunmediated _bn _2rdamedia |
||
| 338 |
_avolume _bnc _2rdacarrier |
||
| 490 | 0 |
_aİstanbul Üniversitesi Yayınları ; _vNo.2737. _aİşletme Fakültesi ; _vNo.110. _aİşletme İktisadı Enstitüsü ; _vNo.49 |
|
| 650 | 7 |
_aSosyal pazarlama _2etuturkob _98335 |
|
| 650 | 7 |
_aPazarlama _xYönetim _2etuturkob _98929 |
|
| 650 | 7 |
_aVeteriner hekimlik _2etuturkob _9108746 |
|
| 650 | 7 |
_aVeteriner hekimlik _zTürkiye _2etuturkob _9132879 |
|
| 710 | 2 |
_aİstanbul Üniversitesi. _bİşletme Fakültesi _9132880 |
|
| 942 |
_2lcc _cBK |
||